Pokemon TGCP - Le plus de dégâts - Statistiques

Statistiques générales
  • Ce quiz a été pris 87 fois
  • Le résultat moyen est 6 sur 23
Statistiques - réponses
Dégâts possible Pokemon % Correct
150 Dracaufeu
91%
120 Mewtwo
70%
140 Tortank
53%
200 Dracolosse
45%
200 Dracaufeu EX
38%
150 Mewtwo EX
33%
1170 Alakazam
32%
130 Sulfura
32%
160 Tortank EX
24%
200 Elécthor EX
23%
Infini Excelangue
23%
160 Ossatueur EX
23%
140 Raichu
21%
770 Lippoutou
18%
120 Arcanin EX
15%
150 Grolem
12%
160 Voltali
12%
Infini Métamorph
9%
200 Golemastoc
8%
120 Grotadmorv
8%
180 Nidoqueen
8%
130 Scolocendre
8%
160 Krabboss
5%
Aucun quiz correspondant
Distribution des résultats
% des personnes avec chaque résultat
Percentile par nombre de réponses
Votre historique - résultats
Vous n’avez pas pris ce quiz